Biblioteca

El liderazgo eclesiástico idóneo en las cartas pastorales (Registro nro. 67097)

Detalles MARC
000 -LÍDER
Campo fijo de descripción fija 01594nab a2200229 i 4500
001 - NÚMERO DE CONTROL
Campo de control 768714001
003 - IDENTIFICADOR DEL NÚMERO DE CONTROL
Campo de control CO-MdFUSB
005 - FECHA Y HORA DE LA ULTIMA TRANSACCIÓN
control field 20230411172012.0
008 - ELEMENTOS DE LONGITUD FIJA -- INFORMACIÓN GENERAL
Campo fijo de descripción fija -- Información general 211217b ck ||||| |||| 00| 0 spa d
022 ## - NÚMERO INTERNACIONAL NORMALIZADO PARA PUBLICACIONES SERIADAS
Número Internacional Normalizado para Publicaciones Seriadas 1014-9341
040 ## - FUENTE DE CATALOGACIÓN
Idioma de catalogación spa
Agencia Catalogadora CO-MdFUSB
Agencia que realiza la transcripción CO-MdFUSB
Agencia que realiza la modificación CO-MdFUSB
041 ## - CÓDIGO DE IDIOMA
Código de idioma para texto/pista de sonido o título separado spa
100 ## - ASIENTO PRINCIPAL--NOMBRE PERSONAL
Nombre personal Siemens, Helmut,
Término relacionador autor
245 13 - TÍTULO
Título El liderazgo eclesiástico idóneo en las cartas pastorales
Subtitulo (primera de dos partes)
Mención de responsabilidad / Helmut Siemens
300 ## - DESCRIPCIÓN FÍSICA
Extensión Número 54 (Enero - Junio, 2014), páginas 46-63
Dimensiones ; 22 cm
520 ## - NOTA DE RESUMEN, ETC.
Nota de sumario, etc. En las Cartas Pastorales el liderazgo idóneo de la iglesia es un grupo selecto capacitado e instruido con y en el evangelio y que ha adquirido de esta manera la capacidad multiplicadora independiente. Estas cartas describen al líder idóneo como "buen ministro de Cristo Jesús", "hombre de Dios", "fiel y capaz de enseñar a otros" y "obrero aprobado". Huye de los errores y pecados, tiene una vida ejemplar, se caracteriza por la práctica de virtudes cristianas cardinales, se nutre constantemente de la doctrina cristiana, guarda la doctrina sana en su totalidad y la proclama con exactitud para advertir a los cristianos de las herejías. En fin, es un siervo aprobado por Dios, de conducta virtuosa y con una proclamación correcta de la sana doctrina.
630 07 - PUNTO DE ACCESO ADICIONAL DE MATERIA - TÍTULO UNIFORME
Título uniforme Biblia.
Parte o sección de la obra Epístolas Paulinas
Subdivisión de materia general Crítica, interpretación, etc.
650 #7 - ASIENTO SECUNDARIO DE MATERIA - TERMINO TEMÁTICO
9 (RLIN) 227
Término temático o nombre geográfico como elemento de entrada Teología pastoral
690 ## - CAMPO LOCAL DE ACCESO TEMÁTICO
Término temático o nombre geográfico como elemento de entrada Dios
773 0# - ASIENTO DE ITEM FUENTE
Biblionumber 49489
Itemnumber 80002
Otro identificador del ítem R8024
Título Kairós
Número de control del registro (CO-MdFUSB)768714001
Número Internacional Normalizado para Publicaciones Seriadas (ISSN) 10149341
Parte(s) relacionada(s) / Volumen., número. (mes año), páginas Número 54 (Enero - Junio, 2014), páginas 46-63
Enumeración y primera página Página 46
942 ## - TIPO DE MATERIAL (KOHA)
Tipo de Item KOHA Artículos de Revista

No hay ítems disponibles.

Biblioteca FUSBC | Teléfono: (57+4) 349 88 10 Ext. 141| WhatsApp (+57) 3005338115 
E-mail: biblioteca@unisbc.edu.co | Calle 76 87-14 Robledo Palenque, Medellín, Colombia

Con tecnología Koha